| 000 | 00464nam a22001817a 4500 | ||
|---|---|---|---|
| 003 | CEME | ||
| 005 | 20210628202357.0 | ||
| 008 | 210107b xxu||||| |||| 00| 0 eng d | ||
| 020 | _a9788174092854 | ||
| 040 | _c. | ||
| 082 | _a671.2 BAN | ||
| 100 |
_aBanga, T.R, Manghnani, T _959628 |
||
| 245 | _aFoundry engineering | ||
| 260 |
_aINDIA _bKHANNA PUBLISHER _c2014 |
||
| 300 | _a447P | ||
| 650 |
_aA TEXTBOOK FOR ENGINEERING STUDENTS _959629 |
||
| 942 |
_cBK _2ddc |
||
| 999 |
_c569559 _d569559 |
||